1755 1461 1074 1952 1647 1501 1156 1314 1540 1061 1943 1264 1729 1346 1438 1760 1975 1265 1088 1684 1784 1810 1859 1477 1887 1571 1443 1285 1427 1925 1206 1057 1905 1230 1539 1729 1099 1264 1663 1356 1279 1378 1763 1894 1295 1054 1503 1682 1434 1401 1826 1296 1669 1883 1301 1881 1166 1302 1922 1119 1014 1717 1285 1926 1311 1693 1457 1061 1549 1457 1182 1430 1596 1278 1929 1733 1571 1460 1850 1576 1713 1296 1257 1294 1301 1657 1089 1832 1820 1202 1508 1692 1386 1936 1538 1395 1781 1419 1049 BCNSPRNW ULIB Ver.6.0+V

เปลี่ยนเป็นภาษาไทย

Change to English
 แสดงรายละเอียดบรรณานุกรม
  กลับหน้าหลัก

Brief Record : Get Marc (ISO 2709) : E-mail record : QR code < ปิดหน้าต่าง
LEADER : 00000nam 2200000uu 4500
001    13399111347
003     ULIB
008    110623s2551||||th 000 0 tha d
020    9742918651
060  4 QU4^bร326ช 2551
110 1  กระทรวงสาธารณสุข.^bสถาบันพระบรมราชชนก.^bโครงการสวัสดิการวิชาการ.
245 00 ชีวเคมี/^cรัชฎา แก่นสาร์,บรรณาธิการ
250    พิมพ์คร้งที่ 7
260    กรุงเทพฯ:^bโครงการสวัสดิการวิชาการสถาบันพระบรมราชชนก:^c2551
300    583 หน้า:^bภาพประกอบ
650  7 กรด เบส
650  7 คาร์โบไฮเดรต
650  7 ชีวเคมี
650  7 น้ำและอิเล็กโทรไลต์
650  7 โปรตีน
650  7 วิตามินและเกลือแร่
650  7 เอนไซม์
945    ^p190^l0^i16583
945    ^p190^l0^i16582
945    ^p190^l0^i16581
945    ^p190^l0^i16580
945    ^p190^l0^i16579
945    ^p190^l0^i19363
945    ^p190^l0^i19364
945    ^p190^l0^i19365
995    กัณชพร
999    ^aใช้งานได้ทุกระบบ
รายการนี้ยังไม่มีแท็ก
คุณยังไม่ได้ล็อกอิน คุณสามารถมีกิจกรรมร่วมกับเว็บไซต์ได้ แต่ต้องล็อกอินก่อน ::
  ล็อกอิน

รายการสื่อสารสนเทศ

ลำดับที่ ประเภท เลขเรียก/บาร์โค้ด สถานที่ สถานะ
1. วิทยาศาสตร์การแพทย์ และสุขภาพ
วิทยาศาสตร์การแพทย์ และสุขภาพ
QU4 ร326ช 2551  
  Barcode: 16579
ห้องสมุดวิทยาเขตสวรรค์ประชารักษ์
►ส่วนจัดเก็บหนังสือเก่า สปร
บนชั้น
  ขอยืม
2. วิทยาศาสตร์การแพทย์ และสุขภาพ
วิทยาศาสตร์การแพทย์ และสุขภาพ
QU4 ร326ช 2551 ฉ.2 
  Barcode: 16580
ห้องสมุดวิทยาเขตสวรรค์ประชารักษ์
►ส่วนจัดเก็บหนังสือเก่า สปร
บนชั้น
  ขอยืม
3. วิทยาศาสตร์การแพทย์ และสุขภาพ
วิทยาศาสตร์การแพทย์ และสุขภาพ
QU4 ร326ช 2551 ฉ.3 
  Barcode: 16581
ห้องสมุดวิทยาเขตสวรรค์ประชารักษ์
►ส่วนจัดเก็บหนังสือเก่า สปร
บนชั้น
  ขอยืม
4. วิทยาศาสตร์การแพทย์ และสุขภาพ
วิทยาศาสตร์การแพทย์ และสุขภาพ
QU4 ร326ช 2551 ฉ.4 
  Barcode: 16582
ห้องสมุดวิทยาเขตสวรรค์ประชารักษ์
►ส่วนจัดเก็บหนังสือเก่า สปร
บนชั้น
  ขอยืม
5. วิทยาศาสตร์การแพทย์ และสุขภาพ
วิทยาศาสตร์การแพทย์ และสุขภาพ
QU4 ร326ช 2551 ฉ.5 
  Barcode: 16583
ห้องสมุดวิทยาเขตสวรรค์ประชารักษ์
►ส่วนจัดเก็บหนังสือเก่า สปร
บนชั้น
  ขอยืม
6. วิทยาศาสตร์การแพทย์ และสุขภาพ
วิทยาศาสตร์การแพทย์ และสุขภาพ
QU4 ร326ช 2551 ฉ.6 
  Barcode: 19363
ห้องสมุดวิทยาเขตสวรรค์ประชารักษ์
►ส่วนจัดเก็บหนังสือเก่า สปร
บนชั้น
  ขอยืม
7. วิทยาศาสตร์การแพทย์ และสุขภาพ
วิทยาศาสตร์การแพทย์ และสุขภาพ
QU4 ร326ช 2551 ฉ.7 
  Barcode: 19364
ห้องสมุดวิทยาเขตสวรรค์ประชารักษ์
►ส่วนจัดเก็บหนังสือเก่า สปร
บนชั้น
  ขอยืม
8. วิทยาศาสตร์การแพทย์ และสุขภาพ
วิทยาศาสตร์การแพทย์ และสุขภาพ
QU4 ร326ช 2551 ฉ.8 
  Barcode: 19365
ห้องสมุดวิทยาเขตสวรรค์ประชารักษ์
►ส่วนจัดเก็บหนังสือเก่า สปร
บนชั้น
  ขอยืม

รายการใกล้เคียง
    หัวเรื่อง [กรด เบส]
    หัวเรื่อง [คาร์โบไฮเดรต]
    หัวเรื่อง [ชีวเคมี]
    หัวเรื่อง [น้ำและอิเล็กโทรไลต์]
    หัวเรื่อง [โปรตีน]
    หัวเรื่อง [วิตามินและเกลือแร่]
    หัวเรื่อง [เอนไซม์]

BibComment


ยังไม่เคยถูกคอมเมนท์

คอมเมนท์ทรัพยากรรายการนี้
  คอมเมนท์: ชีวเคมี รัชฎา แก่..


 Copyright 2026. Bcnsprnw @Library